header

Adolescence (Record no. 253844)

MARC details
000 -LEADER
fixed length control field 00489nam a22001937a 4500
003 - CONTROL NUMBER IDENTIFIER
control field OSt
005 - DATE AND TIME OF LATEST TRANSACTION
control field 20160518114845.0
008 - FIXED-LENGTH DATA ELEMENTS--GENERAL INFORMATION
fixed length control field 160518b xxu||||| |||| 00| 0 eng d
010 ## - LIBRARY OF CONGRESS CONTROL NUMBER
LC control number 9752369
020 ## - INTERNATIONAL STANDARD BOOK NUMBER
International Standard Book Number 0070013233
040 ## - CATALOGING SOURCE
Transcribing agency n/a
050 ## - LIBRARY OF CONGRESS CALL NUMBER
Classification number BF724
Item number .S75 1999
100 ## - MAIN ENTRY--PERSONAL NAME
Personal name Steinberg,Laurence D.
245 ## - TITLE STATEMENT
Title Adolescence
Statement of responsibility, etc Laurence D.Steinberg,
250 ## - EDITION STATEMENT
Edition statement 5th ed
260 ## - PUBLICATION, DISTRIBUTION, ETC. (IMPRINT)
Place of publication, distribution, etc Boston,
Name of publisher, distributor, etc McGraw-Hill college
Date of publication, distribution, etc c1999
300 ## - PHYSICAL DESCRIPTION
Extent xxii,519p
Other physical details ill,some col.
942 ## - ADDED ENTRY ELEMENTS (KOHA)
Source of classification or shelving scheme Library of Congress Classification
Koha item type Long Loan Books
Holdings
Withdrawn status Lost status Source of classification or shelving scheme Damaged status Not for loan Collection code Home library Current library Shelving location Date acquired Total Checkouts Full call number Barcode Date last seen Price effective from Koha item type
    Library of Congress Classification     Non-fiction Rongo University Library Rongo University Library General Stacks 18/05/2016   BF724 .S75 1999 201612560 18/05/2016 18/05/2016 Long Loan Books

© 2026 Rongo University
Contact us: librarian | system librarian | Rongo university